| 000 | 00863nam a22002177a 4500 | ||
|---|---|---|---|
| 005 | 20230227032233.0 | ||
| 008 | 230227b |||||||| |||| 00| 0 eng d | ||
| 020 | _a971-574-084-7 | ||
| 082 | _aFil. 499.2110711 Sa255 2004 | ||
| 100 |
_aSauco, Consolacion P. _eauthor |
||
| 245 |
_aPagbasa at pagsulat sa iba't ibang disiplina: _bpara sa antas tersyaryo / _cConsolacion P. Sauco, Nenita P. Papa, Eunice F. Dueñas |
||
| 260 |
_aMakati City, PH: _bKatha Publishing, _cc2004 |
||
| 300 | _ax, 192p. | ||
| 504 | _aIncludes bibliographical references | ||
| 541 | _e2253 c.1, 2254 c.2, 2255 c.3, 2256 c.4, 2257 c.5, 2258 c.6, 2259 c.7, 2260 c.8, 4080 c.9 | ||
| 650 | _aFilipino language - Study and teaching (Higher) | ||
| 650 | _aReading (Higher Education) | ||
| 650 | _aReport writing | ||
| 700 |
_aPapa, Nenita P. _eauthor |
||
| 700 |
_aDueñas, Eunice F. _eauthor |
||
| 999 |
_c1430 _d1430 |
||